000 02055nam1a2200337 i 4500
001 RU\NLR\bibl\875398
005 20260407051344.0
035 _a(NLR Aleph) 000864001
090 _a1557656
_c1557656
100 _a20051121g20059999u y0rusy50 ca
101 0 _arus
102 _aRU
105 _a||||z |||||
200 1 _aСовременная геодинамика и гелиогеодинамика
_eпособие по обеспечению личной безопасности при чрезвычайных ситуациях природного происхождения
_fИркут. гос. техн. ун-т [и др.
_gЗадонина Н. В. и др.]
210 _aИркутск
_cИзд-во Иркутского государственного технического университета
_d2005
215 _d21
300 _aВ надзаг. также: Байкал. фил. ГС СО РАН, Гл. упр. МЧС России по Иркут. обл., Ин-т земной коры СО РАН, Иркут. гос. ин-т усоверш. врачей
463 0 _1001868678
606 _aСтихийные бедствия
_jРуководства, пособия и т.п.
_91113549
_3RU\NLR\auth\66120484
606 1 _aСтихийные бедствия
_jРуководства, пособия и т.п.
_xБезопасность жизнедеятельности
_92400704
_3RU\NLR\auth\661431042
686 _aД205
686 _aЦ69,6(2Р)0я7
702 1 _4220
_aЗадонина
_bН. В.
_cканд. геол.-минерал. наук
_gНаталья Витальевна
_9222349
_3RU\NLR\AUTH\770222405
712 0 2 _4570
_aИркутский государственный технический университет
_3RU\NLR\AUTH\8810020577
_9539137
801 0 _aRU
_bNLR
_c20051121
_grcr
801 1 _aRU
_bNLR
_c20051121
830 _aсост. раскрыт по кн.
852 _aNLR
_j2005-3/32608
942 _cBOOK